Research for Marketing Decisions (Record no. 2084)

MARC details
000 -LEADER
fixed length control field 00404nam a22001697a 4500
005 - DATE AND TIME OF LATEST TRANSACTION
control field 20160530094202.0
008 - FIXED-LENGTH DATA ELEMENTS--GENERAL INFORMATION
fixed length control field 160530b xxu||||| |||| 00| 0 eng d
020 ## - INTERNATIONAL STANDARD BOOK NUMBER
ISBN 81-203-0757-7
041 ## - LANGUAGE CODE
Language code of text/sound track or separate title eng
082 ## - DEWEY DECIMAL CLASSIFICATION NUMBER
Item number 5878
100 ## - MAIN ENTRY--AUTHOR NAME
Personal name Green, Paul E & others
245 ## - TITLE STATEMENT
Title Research for Marketing Decisions
260 ## - PUBLICATION, DISTRIBUTION, ETC. (IMPRINT)
Place of publication New Delhi
Name of publisher PHI,
300 ## - PHYSICAL DESCRIPTION
Number of Pages 769
650 ## - SUBJECT ADDED ENTRY--TOPICAL TERM
Topical Term Management
942 ## - ADDED ENTRY ELEMENTS (KOHA)
Koha item type Books
Holdings
Lost status Damaged status Collection code Home library Current library Shelving location Date acquired Cost, normal purchase price Full call number Accession Number Koha item type
    MANAGEMENT JRU Library JRU Library SHELF- 66 C 30/05/2016 275.00 5878 5878 Books
    MANAGEMENT JRU Library JRU Library SHELF- 66 C 30/05/2016 275.00 5878 5879 Books
    MANAGEMENT JRU Library JRU Library SHELF- 66 C 30/05/2016 275.00 5878 5880 Books
    MANAGEMENT JRU Library JRU Library SHELF- 66 C 30/05/2016 275.00 5878 5881 Books
    MANAGEMENT JRU Library JRU Library SHELF- 66 C 30/05/2016 275.00 5878 5882 Books
    MANAGEMENT JRU Library JRU Library SHELF- 66 C 30/05/2016 275.00 5878 5883 Books
    MANAGEMENT JRU Library JRU Library SHELF- 66 C 30/05/2016 275.00 5878 5884 Books
    MANAGEMENT JRU Library JRU Library SHELF- 66 C 30/05/2016 275.00 5878 5885 Books
    Reference JRU Library   SHELF-29-F 30/05/2016 275.00 5878 5886 Books